| 000 | 01430nam a2200301 i 4500 | ||
|---|---|---|---|
| 001 | 000046753 | ||
| 003 | DO-SdBNP | ||
| 005 | 20250730140607.0 | ||
| 007 | ta | ||
| 008 | 180321s2017 dr 000 0 spa d | ||
| 040 |
_aDO-SdBNP _bspa _cBNPHU _erda |
||
| 041 | _aspa | ||
| 082 | 4 |
_a341.7543 _bR426a, 2017 _222 |
|
| 110 | 1 |
_aRepública Dominicana. _bMinisterio de Hacienda. Dirección General Aduanas _974694 |
|
| 245 | 1 | 0 |
_aArancel de aduanas de la República Dominicana : _bley 146-00 y sus modificaciones. |
| 264 | 1 |
_aSanto Domingo de Guzmán, D. N. : _bDirección General de Aduanas, _c2017. |
|
| 300 |
_a635 páginas : _bilustraciones ; _c28 cm. |
||
| 336 |
_atexto _btxt _2rdacontent |
||
| 337 |
_asin mediación _bn _2rdamedia |
||
| 338 |
_avolumen _bnc _2rdacarrier |
||
| 490 | _aColección de Aduanas | ||
| 500 | _aEstructurado en base a la nomenclatura del sistema armonizado de designación y codificación de mercancías (SA) incluyendo su adecuación a la 6ta. recomendación de enmienda, versión 2017, aprobada por el Consejo de Cooperación Aduanera (CCA), actual Organización Mundial de Aduanas, el 27 de junio de 2014, y a la versión única en español, sexta edición. | ||
| 590 | _aInventariado, 2018/MFF | ||
| 650 | 4 |
_aAranceles de aduana _xLegislación _zRepública Dominicana _96956 |
|
| 650 | 4 |
_aAduanas _zRepública Dominicana _99334 |
|
| 910 | _aValidado. Control de calidad MFF | ||
| 942 |
_2ddc _cLBS1 |
||
| 999 |
_c46242 _d46242 |
||